Statistiken für Feuerwehr Fahrzeug Abkürzungen

Klicken Sie hier um das Quiz zu spielen!

Allgemein

  • Dieses Quiz wurde 298 mal gespielt
  • Das Durchschnittsergebnis liegt bei 9 aus 18

Antwortstatistiken

HintAntwort% Korrekt
DLKDrehleiter
93%
ELWEinsatzleitwagen
91%
GWGerätewagen
79%
KDOWKommandowagen
65%
TLFTanklöschfahrzeug
65%
LFLöschgruppenfahrzeug
60%
RWRüstwagen
60%
HLFHilfeleistungslöschgruppenfahrzeug/Hamburger Löschfahrzeug
55%
MTW / MTFMannschaftstransportwagen/Mannschaftstransportfahrzeug
54%
GWGGerätewagen Gefahrgut
46%
SWSchlauchwagen
45%
MLFMittleres Löschfahrzeug
42%
TSFTragkraftspritzenfahrzeug
42%
MZFMehrzweckfahrzeug
38%
WLFWechsellader Fahrzeug
33%
MZBMehrzweckboot
30%
TSFWTragkraftspritzenfahrzeug Wasser
30%
TMBTeleskopmastbühne
11%

Verteilung der Resultate

Perzentil nach korrekt beantworteten Fragen

Anzahl Personen mit jedem Resultat

Ihre Resultats-Entwicklung

Sie haben dieses Quiz noch nicht gespielt